MARC details
| 000 -LEADER |
| fixed length control field |
01622cam a2200421 a 4500 |
| 001 - CONTROL NUMBER |
| control field |
17451128 |
| 003 - CONTROL NUMBER IDENTIFIER |
| control field |
OSt |
| 005 - DATE AND TIME OF LATEST TRANSACTION |
| control field |
20230605115838.0 |
| 008 - FIXED-LENGTH DATA ELEMENTS--GENERAL INFORMATION |
| fixed length control field |
120904s2011 ke a b 000 0 eng c |
| 010 ## - LIBRARY OF CONGRESS CONTROL NUMBER |
| LC control number |
2012311802 |
| 020 ## - INTERNATIONAL STANDARD BOOK NUMBER |
| International Standard Book Number |
9789966029102 |
| 020 ## - INTERNATIONAL STANDARD BOOK NUMBER |
| International Standard Book Number |
9966029109 |
| 035 ## - SYSTEM CONTROL NUMBER |
| System control number |
(OCoLC)ocn794241747 |
| 040 ## - CATALOGING SOURCE |
| Original cataloging agency |
CUY |
| Transcribing agency |
CUY |
| Modifying agency |
OSU |
| -- |
DLC |
| 042 ## - AUTHENTICATION CODE |
| Authentication code |
pcc |
| -- |
lcode |
| 043 ## - GEOGRAPHIC AREA CODE |
| Geographic area code |
fe----- |
| 050 00 - LIBRARY OF CONGRESS CALL NUMBER |
| Classification number |
JQ2945.A91 |
| Item number |
E2693 2011 |
| 082 ## - DEWEY DECIMAL CLASSIFICATION NUMBER |
| Classification number |
338.88 |
| Item number |
SID |
| 245 00 - TITLE STATEMENT |
| Title |
East African integration : |
| Remainder of title |
dynamics of equity in trade, education, media and labour. |
| 250 ## - EDITION STATEMENT |
| Edition statement |
2nd ed. |
| 260 ## - PUBLICATION, DISTRIBUTION, ETC. (IMPRINT) |
| Place of publication, distribution, etc. |
Nairobi, Kenya : |
| Name of publisher, distributor, etc. |
SID, |
| Date of publication, distribution, etc. |
c2011. |
| 300 ## - PHYSICAL DESCRIPTION |
| Extent |
xxii, 215 p. : |
| Other physical details |
col. ill. ; |
| Dimensions |
23 cm. |
| 500 ## - GENERAL NOTE |
| General note |
"Lead authors, Stephen Odebero ... [et al.]"--Acknowledgements. |
| 500 ## - GENERAL NOTE |
| General note |
First ed. publ in Jan. 2011; current ed. revised and includes a new chapter on labor and employment. |
| 504 ## - BIBLIOGRAPHY, ETC. NOTE |
| Bibliography, etc |
Includes bibliographical references. |
| 610 20 - SUBJECT ADDED ENTRY--CORPORATE NAME |
| Corporate name or jurisdiction name as entry element |
East African Community |
| General subdivision |
Politics and government. |
| 610 20 - SUBJECT ADDED ENTRY--CORPORATE NAME |
| Corporate name or jurisdiction name as entry element |
East African Community |
| General subdivision |
Economic integration. |
| 650 #0 - SUBJECT ADDED ENTRY--TOPICAL TERM |
| Topical term or geographic name as entry element |
Education |
| Geographic subdivision |
Africa, Eastern |
| Chronological subdivision |
21st century. |
| 650 #0 - SUBJECT ADDED ENTRY--TOPICAL TERM |
| Topical term or geographic name as entry element |
Mass media |
| Geographic subdivision |
Africa, Eastern |
| Chronological subdivision |
21st century. |
| 650 #0 - SUBJECT ADDED ENTRY--TOPICAL TERM |
| Topical term or geographic name as entry element |
Labor |
| Geographic subdivision |
Africa, Eastern |
| Chronological subdivision |
21st century. |
| 651 #0 - SUBJECT ADDED ENTRY--GEOGRAPHIC NAME |
| Geographic name |
Africa, Eastern |
| General subdivision |
Commerce |
| Chronological subdivision |
21st century. |
| 651 #0 - SUBJECT ADDED ENTRY--GEOGRAPHIC NAME |
| Geographic name |
Africa, Eastern |
| General subdivision |
Politics and government |
| Chronological subdivision |
1960- |
| 700 1# - ADDED ENTRY--PERSONAL NAME |
| Personal name |
Odebero, Stephen O. |
| 710 2# - ADDED ENTRY--CORPORATE NAME |
| Corporate name or jurisdiction name as entry element |
Society for International Development. |
| Subordinate unit |
Regional Office for Eastern Africa. |
| 906 ## - LOCAL DATA ELEMENT F, LDF (RLIN) |
| a |
7 |
| b |
cbc |
| c |
pccadap |
| d |
3 |
| e |
ncip |
| f |
20 |
| g |
y-gencatlg |
| 942 ## - ADDED ENTRY ELEMENTS (KOHA) |
| Source of classification or shelving scheme |
Dewey Decimal Classification |
| Koha item type |
Books |